| 000 | 00572nam a2200169 i 4500 | ||
|---|---|---|---|
| 001 | 69255 | ||
| 003 | ES-MaACL | ||
| 005 | 20230906170457.0 | ||
| 007 | t| | ||
| 008 | 040702s1964 sp ||||1| spa d | ||
| 100 | 1 |
_aGarcía Amigo, Manuel. _954160 |
|
| 245 | 1 | 3 |
_aLa cesión de contratos en el derecho español / _cManuel García Amigo ; prólogo de José Beltrán de Heredia. |
| 260 |
_aMadrid : _bRevista de Derecho Privado, _c1964. |
||
| 300 |
_aXXIII, 416 p. ; _c24 cm. |
||
| 700 | 1 |
_aBeltrán de Heredia y Castaño, J. _927361 |
|
| 852 |
_aES-MaACL _jC-24452 _bR.53324 |
||
| 999 |
_c69255 _d69255 |
||